000 00503nam a22001817a 4500
999 _c18224
_d18224
003 AR-CdUCM
008 190513b ||||| |||| 00| 0 spa d
040 _aMUNICIPALIDAD PROVINCIAL DEL CUSCO
_cBIBLIOTECA MUNICIPAL DEL CUSCO
082 _a891.03 /
_bA32
100 _aAksionov, Vasili
_938690
245 _aEl billete estrellado /
260 _aBarcelona :
_bMateu,
_c1962.
300 _a283 páginas ;
_c19 cm.
505 _aNovela.
650 _aNovela.
_95
942 _2ddc
_cLIBROS
945 _awfj